A közgazdaságtan paradigmaváltásának szükségességéről a globalizáció korszakában

Na minha lista:
Detalhes bibliográficos
Autor principal: Márton, Milan
Formato: Capítulo de Livro
Idioma:húngaro
Assuntos:
Tags: Adicionar Tag
Sem tags, seja o primeiro a adicionar uma tag!

MARC

LEADER 00000nla$a2200000$$$4500
001 0126847
005 20240502083320.8
041 0 |a hun 
044 |a HU 
245 1 0 |a A közgazdaságtan paradigmaváltásának szükségességéről a globalizáció korszakában  |c Milan Márton 
610 2 0 |a teórie ekonomické 
610 2 0 |a neoklasicizmus 
610 2 0 |a liberalizmus 
610 2 0 |a rozvoj hospodársky 
610 2 0 |a globalizácia 
610 2 0 |a ekonómia 
610 2 0 |a vývoj 
100 1 |a Márton, Milan